[Event "Klatovy op-B"]
[Site "Klatovy"]
[Date "1997.??.??"]
[Round "?"]
[White "Bargel, P."]
[Black "Kubik, Jan"]
[Result "1/2-1/2"]
[WhiteElo "1785"]
[BlackElo "1930"]

1.e4 e5 2.Nf3 Nc6 3.Bb5 a6 4.Ba4 Nf6 5.O-O Be7 6.Re1 b5 7.Bb3 d6 8.c3 O-O
9.h3 Bb7 10.d4 Na5 11.Bc2 exd4 12.cxd4 Nc4 13.Nbd2 Nxd2 14.Bxd2 Re8 15.d5 c6
16.dxc6 Bxc6 17.Bf4 Bf8 18.e5 dxe5 19.Nxe5 Qd5 20.Nxc6 Qxc6 21.Rc1 Qd5 22.Bb3 Rxe1+
23.Qxe1 Qf5 24.Qe5 Qxe5 25.Bxe5 Ra7 26.Rc7 Rxc7 27.Bxc7 Bc5 28.Bc2 Nd5 29.Ba5 Nb4
30.Bb1 Nc6 31.Bd2 b4 32.Kf1 Kf8 33.Ke2 a5 34.f4 h6 35.Kd3 Ke7 36.Kc4 Kd6
37.Be4 Na7 38.f5 Bb6 39.g4 f6 40.Bf4+ Kd7 41.Bb7 Bf2 42.Kd5 Bg1 43.Bd6 Bb6
44.Bf8 Be3 45.Bc5 Bxc5 46.Kxc5 Kc7 47.Bf3 h5 48.gxh5 Nc8 49.Kb5 Nd6+ 50.Kxa5 b3
51.axb3 Nxf5 52.b4 Nd4 53.Bg2 f5 54.b5 f4 55.Kb4 f3 56.Bf1 Nc2+ 57.Kc5 Ne3
58.Bd3 f2 59.Kd4 f1=Q 60.Bxf1 Nxf1 61.Ke5 Ng3 62.Kf4 Nxh5+  1/2-1/2

[Event "Klatovy op-A"]
[Site "Klatovy"]
[Date "1997.??.??"]
[Round "?"]
[White "Konigova, Petra"]
[Black "Szarowski, D."]
[Result "1-0"]
[WhiteElo "1785"]
[BlackElo "1905"]

1.e4 e5 2.Nf3 Nc6 3.Bb5 a6 4.Ba4 Nf6 5.O-O Be7 6.Re1 b5 7.Bb3 O-O 8.h3 d6
9.c3 Bb7 10.d4 Na5 11.Bc2 exd4 12.cxd4 d5 13.e5 Ne4 14.Nbd2 f5 15.exf6 Bxf6
16.Nxe4 dxe4 17.Bxe4 Bxe4 18.Rxe4 Qd5 19.Rg4 Rad8 20.Qc2 Nc6 21.Be3 Rd7 22.Ng5 Bxg5
23.Rxg5 Qd6 24.d5 Nb4 25.Qc5 Rfd8 26.Qxd6 Rxd6 27.Bc5 Rxd5 28.Rxd5 Nxd5 29.Re1 Kf7
30.g3 Re8 31.Rxe8 Kxe8 32.f4 Kf7 33.Kf2 Nf6 34.Kf3 g6 35.g4 Ke6 36.Bd4 Nd7
37.Ke4 c5 38.f5+ gxf5+ 39.gxf5+ Kd6 40.Bh8 c4 41.Kd4 Nb6 42.Be5+ Ke7 43.Kc5 Nd7+
44.Kd5 Nxe5 45.Kxe5 b4 46.Kd4 c3 47.bxc3 bxc3 48.Kxc3 Kf6 49.Kb4 Kxf5 50.Ka5 Ke5
51.Kxa6 h5 52.a4 Kd6 53.Kb7  1-0

[Event "Klatovy op-A"]
[Site "Klatovy"]
[Date "1997.??.??"]
[Round "?"]
[White "Schauer, Jiri"]
[Black "Janousek, Petr"]
[Result "1/2-1/2"]
[WhiteElo "1950"]
[BlackElo "2095"]

1.e4 e5 2.Nf3 Nc6 3.Bb5 a6 4.Ba4 Nf6 5.O-O Be7 6.Re1 b5 7.Bb3 d6 8.c3 O-O
9.h3 Bb7 10.d4 Re8 11.Nbd2 Bf8 12.d5 Nb8 13.Nf1 h6 14.Ng3 c6 15.dxc6 Bxc6
16.Nh2 Nbd7 17.Ng4 Nxg4 18.hxg4 g6 19.Qf3 Qe7 20.g5 Nc5 21.gxh6 Nxb3 22.axb3 Qe6
23.b4 Kh7 24.Bg5 Reb8 25.Re3 Rb7 26.Rd3 Rd7 27.Qf6 Qxf6 28.Bxf6 Rda7 29.Ra5 Re8
30.Bg5 Re6 31.f3 Ra8 32.Ra1 Bb7 33.Kf2 Rc8 34.Nf1 f5 35.Ng3 Rc7 36.Ke2 Rf7
37.Rad1 Re8 38.Ra1  1/2-1/2

[Event "US-op"]
[Site "Las Vegas"]
[Date "1997.??.??"]
[Round "5"]
[White "Hjartarson, Johann"]
[Black "Ivanov, Alexander"]
[Result "0-1"]
[WhiteElo "2595"]
[BlackElo "2660"]

1.e4 e5 2.Nf3 Nc6 3.Bb5 a6 4.Ba4 Nf6 5.O-O Be7 6.Re1 b5 7.Bb3 d6 8.c3 O-O
9.h3 Bb7 10.d4 Re8 11.Nbd2 Bf8 12.Bc2 g6 13.d5 Ne7 14.b3 c6 15.c4 Bg7 16.Bb2 cxd5
17.cxd5 Nh5 18.b4 Qd7 19.Nb3 Nc8 20.a4 Nb6 21.axb5 axb5 22.Na5 Rec8 23.Nd2 Bh6
24.Ndb3 Na4 25.Bc1 Nc3 26.Qf3 Bxc1 27.Rexc1 Nf4 28.Bd1 Nxd1 29.Qxd1 f5 30.f3 Rxc1
31.Nxc1 fxe4 32.fxe4 Bc8 33.Ne2 Nxg2 34.Ra3 Nf4 35.Nxf4 exf4 36.Kh2 Qg7 37.Qd2 Bd7
38.Rf3 g5 39.Rc3 Re8 40.Rc7 Rxe4 41.Nc6 f3  0-1

[Event "Lazne Bohdanec"]
[Site "Lazne Bohdanec"]
[Date "1997.??.??"]
[Round "6"]
[White "Jansa, Vlastimil"]
[Black "Blatny, Pavel"]
[Result "1/2-1/2"]
[WhiteElo "2490"]
[BlackElo "2540"]

1.e4 e5 2.Nf3 Nc6 3.Bb5 a6 4.Ba4 Nf6 5.O-O Be7 6.Re1 b5 7.Bb3 O-O 8.h3 d6
9.c3 Bb7 10.d4 Re8 11.Nbd2 Bf8 12.d5 Na5 13.Bc2 c6 14.b4 Nc4 15.Nxc4 bxc4
16.dxc6  1/2-1/2

[Event "Anibal op 4th"]
[Site "Linares"]
[Date "1997.??.??"]
[Round "8"]
[White "Herrera, Irisberto"]
[Black "Ibragimov, Ildar"]
[Result "0-1"]
[WhiteElo "2450"]
[BlackElo "2555"]

1.e4 e5 2.Nf3 Nc6 3.Bb5 a6 4.Ba4 Nf6 5.O-O Be7 6.Re1 b5 7.Bb3 d6 8.c3 O-O
9.h3 Bb7 10.d4 Re8 11.Nbd2 Bf8 12.d5 Nb8 13.Nf1 Nbd7 14.N3h2 Nc5 15.Bc2 c6
16.dxc6 Bxc6 17.Bg5 h6 18.Bxf6 Qxf6 19.Ng4 Qg5 20.Ng3 Ne6 21.Ne3 Nf4 22.Qf3 g6
23.Bb3 Kg7 24.Qg4 Qd8 25.Nef5+ Kg8 26.Nh5 Ne6 27.Ne3 Kh7 28.Ng3 h5 29.Nxh5 gxh5
30.Qxh5+ Kg8 31.Qg4+ Bg7 32.h4 Qf6 33.Nf5 Qg6 34.Qf3 Nf4 35.Ng3 Qf6 36.Qg4 Qg6
37.Qd1 Rad8 38.Re3 d5 39.Qf1 dxe4 40.Bc2 f5 41.Bb3+ Kh8 42.Ne2 Nxe2+  0-1

[Event "Anibal op 4th"]
[Site "Linares"]
[Date "1997.??.??"]
[Round "10"]
[White "Garcia, Gildardo"]
[Black "Ibragimov, Ildar"]
[Result "1/2-1/2"]
[WhiteElo "2485"]
[BlackElo "2555"]

1.e4 e5 2.Nf3 Nc6 3.Bb5 a6 4.Ba4 Nf6 5.O-O Be7 6.Re1 b5 7.Bb3 d6 8.c3 O-O
9.h3 Bb7 10.d4 Re8 11.Nbd2 Bf8 12.d5 Nb8 13.Nf1 Nbd7 14.Ng3 Nc5 15.Bc2 c6
16.b4 Ncd7 17.dxc6 Bxc6 18.Bb3 h6 19.Nh2 Nb6 20.Ng4 Nc4 21.Ne3 d5 22.exd5 Bxd5
23.Nxd5 Qxd5 24.Nh5 Qc6 25.Nxf6+ Qxf6 26.a4 e4 27.axb5 Qxc3 28.Bxc4 Qxc4
29.bxa6 Bxb4 30.Qe2 Rec8 31.Qxc4 Rxc4 32.Rd1 Rc6 33.a7 Bc5 34.Be3 Bxe3 35.fxe3 Rc7
36.Rd4 Raxa7 37.Rxa7 Rxa7 38.Rxe4 f6  1/2-1/2

[Event "Lippstadt"]
[Site "Lippstadt"]
[Date "1997.??.??"]
[Round "10"]
[White "Hansen, Sune Berg"]
[Black "Wehmeier, Stefan"]
[Result "0-1"]
[WhiteElo "2490"]
[BlackElo "2395"]

1.e4 e5 2.Nf3 Nc6 3.Bb5 a6 4.Ba4 Nf6 5.O-O Be7 6.Re1 b5 7.Bb3 d6 8.c3 O-O
9.h3 Bb7 10.d4 h6 11.Nbd2 Re8 12.Nf1 Bf8 13.Ng3 Qd7 14.Nh2 d5 15.exd5 Nxd5
16.Ng4 exd4 17.Rxe8 Rxe8 18.Bxh6 Na5 19.Bc2 gxh6 20.Qd3 f5 21.Nxf5 Kh8 22.Qg3 Nc4
23.Qh4 Qd8 24.Qh5 Nf4 25.Qf7 Bd5 26.Nfxh6 Bxf7 27.Nxf7+ Kg7 28.Nxd8 Rxd8
29.cxd4 Rxd4 30.b3 Nb6 31.Bf5 Nbd5 32.Re1 Nc3 33.g3 Nxh3+ 34.Kg2 Ng5 35.Rh1 Rd5
36.Bc8 a5 37.Rh4 Rd2 38.Bf5 Be7 39.Rh6 Rd6 40.Rh5 Nxa2 41.f4 Nf7 42.Rh7+ Kf8
43.Ne5 Nxe5 44.fxe5 Rd2+ 45.Kf3 Nc3 46.Rh8+ Kf7 47.Rh7+ Ke8 48.Bg6+ Kd8 49.Bf5 Bf8
50.e6 c6 51.Rb7 Bc5 52.Kg4 Nd5 53.Rd7+ Ke8 54.Bg6+ Kf8 55.Rf7+ Kg8 56.Bh7+ Kh8
57.Be4 Ne7 58.Kg5 a4 59.bxa4 bxa4 60.g4 a3 61.Rf8+ Kg7 62.Rf7+ Kg8 63.Kf6 a2  0-1

[Event "SLO-ch U16"]
[Site "Maribor"]
[Date "1997.??.??"]
[Round "?"]
[White "Podkriznik, Gregor"]
[Black "Kovacic, Peter"]
[Result "1-0"]
[WhiteElo "2240"]
[BlackElo "2155"]

1.e4 e5 2.Nf3 Nc6 3.Bb5 a6 4.Ba4 Nf6 5.O-O Be7 6.Re1 b5 7.Bb3 d6 8.c3 O-O
9.h3 Bb7 10.d4 Re8 11.a4 Bf8 12.d5 Nb8 13.axb5 axb5 14.Rxa8 Bxa8 15.Na3 Qd7
16.Bg5 Be7 17.Nxb5 Nxe4 18.Rxe4 Bxg5 19.Nxg5 h6 20.Ra4 Qxb5 21.Rxa8 Qb7 22.Ba4 Qxa8
23.Bxe8 hxg5 24.Qf3 f6 25.Qf5 Na6 26.Qe6+ Kh8 27.Qf7 Qb8 28.Qh5+ Kg8 29.Bg6 c6
30.Qh7+  1-0

[Event "SLO-ch U16"]
[Site "Maribor"]
[Date "1997.??.??"]
[Round "?"]
[White "Hribar, Bojan"]
[Black "Kovacic, Peter"]
[Result "0-1"]
[WhiteElo "2210"]
[BlackElo "2155"]

1.e4 e5 2.Nf3 Nc6 3.Bb5 a6 4.Ba4 Nf6 5.O-O Be7 6.Re1 b5 7.Bb3 d6 8.c3 O-O
9.h3 Bb7 10.d4 Re8 11.Nbd2 Bf8 12.a4 exd4 13.cxd4 Nb4 14.Ng5 Re7 15.e5 Nfd5
16.Qh5 h6 17.Nde4 Nd3 18.e6 g6 19.exf7+ Kg7 20.Ne6+ Rxe6 21.Qxh6+ Kxf7 22.Qh7+ Ke8
23.Qg8 Kd7 24.Nc5+ Nxc5  0-1

[Event "CUB-ch"]
[Site "Matanzas"]
[Date "1997.??.??"]
[Round "10"]
[White "Herrera, Irisberto"]
[Black "Vazquez, Renier"]
[Result "1-0"]
[WhiteElo "2450"]
[BlackElo "2260"]

1.e4 e5 2.Nf3 Nc6 3.Bb5 a6 4.Ba4 Nf6 5.O-O Be7 6.Re1 b5 7.Bb3 d6 8.c3 O-O
9.h3 Bb7 10.d4 Re8 11.Nbd2 Bf8 12.a4 h6 13.Bc2 exd4 14.cxd4 Nb4 15.Bb1 c5
16.d5 Nd7 17.Ra3 c4 18.Nh2 Nc5 19.Rg3 Nbd3 20.Ng4 g6 21.b4 Nxb4 22.Bb2 Bg7
23.Bxg7 Kxg7 24.Nxc4 bxc4 25.Qd4+ Kf8 26.Nxh6 Nxd5 27.Rxg6 fxg6 28.Qh8+ Ke7
29.Qg7+ Ke6 30.Qf7+ Ke5 31.Rd1 Nd3 32.Qxb7 Qe7 33.Qxd5+ Kf6 34.Qxc4 Ne5 35.Qd4 Kg7
36.Ng4 Kh7 37.Qxd6 Rad8 38.Qxe7+  1-0

[Event "CRO-chT"]
[Site "Medulin"]
[Date "1997.??.??"]
[Round "?"]
[White "Ljubicic, Filip"]
[Black "Ascic, Anto"]
[Result "1-0"]
[WhiteElo "2350"]
[BlackElo "2355"]

1.e4 e5 2.Nf3 Nc6 3.Bb5 a6 4.Ba4 Nf6 5.O-O Be7 6.Re1 b5 7.Bb3 O-O 8.c3 d6
9.h3 Bb7 10.d4 Re8 11.Ng5 Rf8 12.f4 exf4 13.Bxf4 Na5 14.Bc2 Nd5 15.exd5 Bxg5
16.Qg4 Bxf4 17.Qxf4 g6 18.Nd2 Bxd5 19.Be4 Bxe4 20.Nxe4 Kg7 21.Rf1 f6 22.Rae1 Nc4
23.Qh4 g5 24.Qg4 Kh8 25.Qf5 Qe8 26.Qf2 Nb6 27.h4 Nd5 28.hxg5 fxg5 29.Qg3 h6
30.Nxd6 cxd6 31.Qxd6 Rxf1+ 32.Rxf1 Qg8 33.Qxh6+ Qh7 34.Qxg5 Nc7 35.Rf4 Rg8
36.Qf6+ Rg7  1-0

[Event "Mondariz op"]
[Site "Mondariz"]
[Date "1997.??.??"]
[Round "?"]
[White "Lanka, Zigurds"]
[Black "Garbisu, Unai"]
[Result "1-0"]
[WhiteElo "2565"]
[BlackElo "2380"]

1.e4 e5 2.Nf3 Nc6 3.Bb5 a6 4.Ba4 Nf6 5.O-O Be7 6.Re1 b5 7.Bb3 d6 8.c3 O-O
9.h3 Bb7 10.d4 Re8 11.Nbd2 Bf8 12.a3 h6 13.Bc2 Nb8 14.b4 Nbd7 15.Bb2 Rb8
16.Qb1 g6 17.a4 Ba8 18.axb5 axb5 19.Ra5 c6 20.Qa2 exd4 21.cxd4 d5 22.Bc3 dxe4
23.Bxe4 Nb6 24.Ne5 Nfd5 25.Ndf3 Qc7 26.Qb3 Bb7 27.Bd2 Re6 28.h4 Rbe8 29.Bc2 Qd6
30.h5 f6 31.Nd3 Nc4 32.Raa1 Nxd2 33.Nxd2 Rxe1+ 34.Nxe1 f5 35.Nd3 Bg7 36.Nf3 g5
37.Nfe5 Bc8 38.Re1 Be6 39.Nc5 Nf4 40.Nxe6 Qxe6 41.Qb1 Qd6 42.Bb3+ Nd5 43.Qxf5 Rf8
44.Qg4 Re8 45.Qf5 Rf8 46.Qc2 Qxb4 47.Rb1  1-0

[Event "Mondariz op"]
[Site "Mondariz"]
[Date "1997.??.??"]
[Round "?"]
[White "Baches Garcia, Guillermo"]
[Black "Garbisu, Unai"]
[Result "1-0"]
[WhiteElo "2275"]
[BlackElo "2380"]

1.e4 e5 2.Nf3 Nc6 3.Bb5 a6 4.Ba4 Nf6 5.O-O Be7 6.Re1 b5 7.Bb3 d6 8.c3 O-O
9.h3 Re8 10.Ng5 Rf8 11.Nf3 Bb7 12.d4 Re8 13.Nbd2 Bf8 14.Bc2 g6 15.d5 Nb8
16.a4 c6 17.dxc6 Bxc6 18.axb5 axb5 19.Rxa8 Bxa8 20.Bd3 Bc6 21.Qe2 Qb6 22.Nf1 Nbd7
23.Ng3 Qb7 24.Nh2 h5 25.Nf3 Nc5 26.Bc2 b4 27.Ng5 bxc3 28.bxc3 Ra8 29.Be3 Ncxe4
30.N3xe4 Nxe4 31.Nxe4 Bxe4 32.Rb1 Qc6 33.Rb6 Ra1+ 34.Kh2 Qa8 35.Bxe4 Qxe4
36.f3 Qf5 37.Rb8 Kg7 38.Qb2 Re1 39.Qd2 Rxe3 40.Qxe3 d5 41.Rb5 d4 42.cxd4 exd4
43.Qxd4+ Qf6 44.Qxf6+ Kxf6 45.h4 Kg7 46.Rd5 Be7 47.Kh3 f5 48.Rd7 Kf8 49.Kg3 Bf6
50.Rb7 Kg8 51.Rd7 Kf8 52.Rb7 Kg8 53.f4 Kf8 54.Kh3 Kg8 55.g3 Kf8 56.Kg2 Bc3
57.Kf2 Kg8 58.Ke2 Kf8 59.Rb3 Bf6 60.Kd3 Bg7 61.Kc4 Bf6 62.Kd5 Kf7 63.Rb7+ Kf8
64.Ke6 Bd4 65.Rd7 Bb2 66.Rb7 Bd4 67.Rd7 Bb2 68.Rd2 Bc3 69.Rd3 Bb2 70.g4 hxg4
71.h5 gxh5 72.Kxf5 Kf7 73.Rd7+ Ke8 74.Rh7 g3 75.Rxh5 Bd4 76.Rg5 Bf2 77.Ke6  1-0

[Event "Goldberg mem"]
[Site "Moscow "]
[Date "1997.??.??"]
[Round "4"]
[White "Yagupov, Igor"]
[Black "Annakov, Babakuli"]
[Result "1/2-1/2"]
[WhiteElo "2420"]
[BlackElo "2365"]

1.e4 e5 2.Nf3 Nc6 3.Bb5 a6 4.Ba4 Nf6 5.O-O Be7 6.Re1 b5 7.Bb3 d6 8.c3 O-O
9.h3 Bb7 10.d4 Re8 11.Ng5 Rf8 12.Nf3 Rc8 13.Ng5  1/2-1/2

[Event "New York op"]
[Site "New York"]
[Date "1997.??.??"]
[Round "?"]
[White "Ehlvest, Jaan"]
[Black "Ibragimov, Ildar"]
[Result "0-1"]
[WhiteElo "2635"]
[BlackElo "2555"]

1.e4 e5 2.Nf3 Nc6 3.Bb5 a6 4.Ba4 Nf6 5.O-O Be7 6.Re1 b5 7.Bb3 d6 8.c3 O-O
9.h3 Bb7 10.d4 Re8 11.Nbd2 Bf8 12.Bc2 g6 13.b3 Bg7 14.d5 Nb8 15.c4 c6 16.Nf1 Qc7
17.Ba3 cxd5 18.cxd5 Nbd7 19.Ng3 Rac8 20.Re2 Bh6 21.Bb4 a5 22.Be1 Ba6 23.b4 axb4
24.Bxb4 Nc5 25.Re1 Ra8 26.Bd3 Nxd3 27.Qxd3 Nd7 28.Nh2 Nc5 29.Qe2 Bc8 30.h4 Bd7
31.h5 Qd8 32.Bd2 Bf4 33.Ngf1 Qg5 34.Bxf4 exf4 35.hxg6 hxg6 36.Nd2 Ra4 37.Ndf3 Qh5
38.e5 dxe5 39.Nxe5 Qxe2 40.Rxe2 Nd3 41.Nhf3 f6 42.Nxd7 Rxe2 43.d6 Kf7 44.Rd1 Nxf2
45.Nb8 Nxd1 46.d7 Ke7  0-1

[Event "JUG-chT"]
[Site "Niksic"]
[Date "1997.??.??"]
[Round "2"]
[White "Kotronias, Vasilios"]
[Black "Gligoric, Svetozar"]
[Result "1-0"]
[WhiteElo "2585"]
[BlackElo "2470"]

1.e4 e5 2.Nf3 Nc6 3.Bb5 a6 4.Ba4 Nf6 5.O-O Be7 6.Re1 b5 7.Bb3 d6 8.c3 O-O
9.h3 Bb7 10.d4 Re8 11.Nbd2 Bf8 12.a4 h6 13.Bc2 exd4 14.cxd4 Nb4 15.Bb1 c5
16.d5 Nd7 17.Ra3 c4 18.axb5 axb5 19.Nd4 Rxa3 20.bxa3 Nd3 21.Bxd3 cxd3 22.Re3 Nc5
23.Bb2 Qa5 24.Nf5 g6 25.Ng3 Bg7 26.Bxg7 Kxg7 27.Nb3 Qxa3 28.Nxc5 Qxc5 29.Rxd3 b4
30.Rb3 Rc8 31.Qa1+ Kg8 32.Qf6 Ba6 33.Rf3 Qc7 34.e5 Bb7 35.exd6  1-0

[Event "JUG-ch52"]
[Site "Niksic"]
[Date "1997.??.??"]
[Round "6"]
[White "Kovacevic, Aleksandar"]
[Black "Gligoric, Svetozar"]
[Result "1-0"]
[WhiteElo "2485"]
[BlackElo "2465"]

1.e4 e5 2.Nf3 Nc6 3.Bb5 a6 4.Ba4 Nf6 5.O-O Be7 6.Re1 b5 7.Bb3 d6 8.c3 O-O
9.h3 Bb7 10.d4 Re8 11.Nbd2 Bf8 12.d5 Nb8 13.Nf1 Nbd7 14.N3h2 c6 15.dxc6 Bxc6
16.Bg5 Qc7 17.Qf3 Qb7 18.Ng3 d5 19.Ng4 dxe4 20.Qf5 Nd5 21.Nxe4 Re6 22.Rad1 Rae8
23.Rd3 h5 24.Bxd5 Bxd5 25.Ngf6+ Nxf6 26.Nxf6+ gxf6 27.Bxf6 Bh6 28.Rxe5 Be4
29.Rxe6 Bxf5 30.Rxe8+ Kh7 31.Rg3 Bg4 32.hxg4 Bf4 33.gxh5  1-0

[Event "JUG-ch52"]
[Site "Niksic"]
[Date "1997.??.??"]
[Round "10"]
[White "Popovic, Petar"]
[Black "Gligoric, Svetozar"]
[Result "1/2-1/2"]
[WhiteElo "2545"]
[BlackElo "2465"]

1.e4 e5 2.Nf3 Nc6 3.Bb5 a6 4.Ba4 Nf6 5.O-O Be7 6.Re1 b5 7.Bb3 d6 8.c3 O-O
9.h3 Bb7 10.d4 Re8 11.Nbd2 Bf8 12.a3 h6 13.Bc2 Nb8 14.b4 Nbd7 15.Bb2 g6 16.Qb1 Bg7
17.Nb3 Rb8 18.Na5 Ba8 19.d5 Nb6 20.Qa2 Nh5 21.Rad1 Rf8 22.c4 bxc4 23.Nxc4 Nf4
24.Bc1 Nxc4 25.Qxc4 Bb7 26.Bxf4 exf4 27.Ba4 Bc8 28.Rc1 Bb2 29.Rb1 Bg7 30.Rbc1 Bb2
31.Rb1 Bg7 32.Kh1 g5 33.e5 dxe5 34.Nxe5 Bxe5 35.Rxe5 Bd7 36.Bxd7 Qxd7 37.Qxa6 Rb6
38.Qd3 Rg6 39.f3 Ra8 40.Rbe1 c6 41.a4 cxd5 42.a5 d4 43.Re7 Qd6 44.b5 Rxa5
45.Qc4 Rf6 46.Qc8+ Kg7 47.Re8 Rg6 48.Rg8+ Kh7 49.Rh8+ Kg7 50.Rg8+ Kh7 51.Rh8+ Kg7
52.Rc1 Rxb5 53.Rg8+ Kh7 54.Rh8+ Kg7 55.Rg8+ Kh7 56.Rh8+  1/2-1/2

[Event "JUG-chT"]
[Site "Niksic"]
[Date "1997.??.??"]
[Round "10"]
[White "Mikhalchishin, Adrian"]
[Black "Gligoric, Svetozar"]
[Result "1/2-1/2"]
[WhiteElo "2515"]
[BlackElo "2470"]

1.e4 e5 2.Nf3 Nc6 3.Bb5 a6 4.Ba4 Nf6 5.O-O Be7 6.Re1 b5 7.Bb3 d6 8.c3 O-O
9.h3 Bb7 10.d4 Re8 11.Ng5 Rf8 12.Nf3 Re8 13.Nbd2 Bf8 14.d5 Nb8 15.Nf1 Nbd7
16.N3h2 g6  1/2-1/2

[Event "CZE-ch op"]
[Site "Nymburk"]
[Date "1997.??.??"]
[Round "?"]
[White "Tichonov, Jiri"]
[Black "Pallova, Martina"]
[Result "0-1"]
[WhiteElo "2150"]
[BlackElo "2095"]

1.e4 e5 2.Nf3 Nc6 3.Bb5 a6 4.Ba4 Nf6 5.O-O b5 6.Bb3 Be7 7.Re1 d6 8.c3 O-O
9.h3 Bb7 10.d4 Re8 11.Ng5 Rf8 12.Nf3 Re8 13.Nbd2 Bf8 14.Bc2 h6 15.a4 Qd7
16.d5 Nb8 17.c4 c6 18.Bd3 bxc4 19.Nxc4 Qc7 20.a5 cxd5 21.exd5 Nbd7 22.Bf1 Bxd5
23.Ne3 Be6 24.b4 d5 25.Bd2 Ne4 26.b5 axb5 27.Bxb5 Nxd2 28.Qxd2 d4 29.Ng4 Rab8
30.Bxd7 Bxd7 31.Rxe5 Bxg4 32.Rxe8 Rxe8 33.hxg4 Bc5 34.g5 hxg5 35.Qxg5 Be7
36.Qf5 Qc3 37.Re1 d3 38.Qd7 Kf8 39.Re3 Qa1+ 40.Kh2 Qxa5 41.Ne5 d2 42.f4 Rd8
43.Rh3 g6 44.Nxg6+ fxg6 45.Qe6 d1=Q 46.Qxg6 Qd4  0-1

[Event "POL-ch sf"]
[Site "Poraj "]
[Date "1997.??.??"]
[Round "8"]
[White "Pedzich, Dominik"]
[Black "Filipek, Jakub"]
[Result "1-0"]
[WhiteElo "2465"]
[BlackElo "2390"]

1.e4 e5 2.Nf3 Nc6 3.Bb5 a6 4.Ba4 Nf6 5.O-O Be7 6.Re1 b5 7.Bb3 d6 8.c3 O-O
9.h3 Bb7 10.d4 Re8 11.Nbd2 Bf8 12.a3 h6 13.Bc2 Nb8 14.b3 Nbd7 15.Bb2 g6 16.b4 Nb6
17.Qb1 Nfd7 18.Qa2 c5 19.bxc5 dxc5 20.dxe5 c4 21.e6 Rxe6 22.Nd4 Re8 23.Rad1 Nc5
24.Qb1 Qc7 25.Nf1 Ne6 26.Bc1 Kh7 27.h4 h5 28.Ng3 Nc5 29.Bg5 Bg7 30.e5 Rxe5
31.Nxh5 Nd5 32.Nxg7 Kxg7 33.Rxe5 Qxe5 34.Re1 Qd6 35.Qd1 f6 36.Bc1 Rd8 37.Qg4 Ne7
38.Rxe7+  1-0

[Event "EU-chT (Men)"]
[Site "Pula"]
[Date "1997.??.??"]
[Round "1"]
[White "Rogic, Davor"]
[Black "Sturua, Zurab"]
[Result "0-1"]
[WhiteElo "2455"]
[BlackElo "2560"]

1.e4 e5 2.Nf3 Nc6 3.Bb5 a6 4.Ba4 Nf6 5.O-O Be7 6.Re1 b5 7.Bb3 d6 8.c3 O-O
9.h3 Bb7 10.d4 Re8 11.Nbd2 Bf8 12.a4 h6 13.Bc2 exd4 14.cxd4 Nb4 15.Bb1 bxa4
16.Rxa4 a5 17.Ra3 Ra6 18.Nh2 g6 19.Ng4 Nxg4 20.hxg4 Qd7 21.Nf1 d5 22.e5 c5
23.Rh3 Nc6 24.Bd3 Rb6 25.dxc5 Bxc5 26.Qc2 Bb4 27.Bxg6 Nxe5 28.Bh7+ Kg7 29.Bf5 Qd8
30.Rd1 d4 31.Ng3 Rc6 32.Qb3 Qb6 33.Bf4 d3 34.g5 Rc2 35.Be3 Nf3+ 36.Kh1 Rxe3
37.Rxh6 Re6 38.Nh5+ Kf8 39.Qxd3 Rd2  0-1

[Event "Pula op"]
[Site "Pula"]
[Date "1997.??.??"]
[Round "6"]
[White "Ionescu, Mihai"]
[Black "Ionescu Brandis, Irina"]
[Result "1/2-1/2"]
[WhiteElo "2395"]
[BlackElo "2230"]

1.e4 e5 2.Nf3 Nc6 3.Bb5 a6 4.Ba4 Nf6 5.O-O Be7 6.Re1 O-O 7.c3 b5 8.Bb3 d6
9.h3 Bb7 10.d4 Re8 11.Ng5 Rf8 12.Nf3 Re8 13.Ng5 Rf8  1/2-1/2

[Event "Pula op"]
[Site "Pula"]
[Date "1997.??.??"]
[Round "9"]
[White "Lutz, Christopher"]
[Black "Sturua, Zurab"]
[Result "1/2-1/2"]
[WhiteElo "2555"]
[BlackElo "2560"]

1.e4 e5 2.Nf3 Nc6 3.Bb5 a6 4.Ba4 Nf6 5.O-O Be7 6.Re1 b5 7.Bb3 d6 8.c3 O-O
9.h3 Bb7 10.d4 Re8 11.Ng5 Rf8 12.Nf3 Re8 13.Nbd2 Bf8 14.d5 Nb8 15.Nf1 Nbd7
16.N3h2 h6 17.Ng3 Nc5 18.Bc2 c6 19.b4 Na4 20.Bxa4 bxa4 21.dxc6 Bxc6 22.c4 Rc8
23.Nhf1 Bb7 24.Qd3 Qc7 25.Ne3 Qb6 26.Rd1 Qd4 27.Qxd4 exd4 28.Rxd4 Nxe4 29.Nxe4 Rxe4
30.Rxe4 Bxe4 31.Bb2 Be7 32.Rc1 Bg5 33.Bd4 Bd3 34.Rc3 Be2 35.c5 dxc5 36.bxc5 Bxe3
37.Rxe3 Bb5 38.Rg3 g6 39.Rc3 Rc6 40.Re3 Kf8 41.a3 f6 42.f3  1/2-1/2

[Event "Salsomaggiore op"]
[Site "Salsomaggiore"]
[Date "1997.??.??"]
[Round "5"]
[White "Bonugli, Carlo"]
[Black "Doleschal, Johannes"]
[Result "1/2-1/2"]
[WhiteElo "2075"]
[BlackElo "2035"]

1.e4 e5 2.Nf3 Nc6 3.Bb5 a6 4.Ba4 Nf6 5.O-O b5 6.Bb3 Be7 7.Re1 O-O 8.c3 d6
9.h3 Bb7 10.d4 Re8 11.Nbd2 Bf8 12.Bc2 exd4 13.cxd4 h6 14.d5 Ne5 15.Nxe5 dxe5
16.Nf1 c6 17.dxc6 Qxd1 18.Rxd1 Bxc6 19.f3 Bc5+ 20.Be3 Bxe3+ 21.Nxe3 Red8
22.Bb3 Bb7 23.Nf5 Ne8 24.Kf2 Kf8 25.Rxd8 Rxd8 26.Rd1 Rxd1 27.Bxd1 Bc8 28.Ne3 Be6
29.Bb3 Bxb3 30.axb3 Ke7 31.Nf5+  1/2-1/2

[Event "POL-ch"]
[Site "Sopot"]
[Date "1997.??.??"]
[Round "8"]
[White "Gdanski, Jacek"]
[Black "Grabarczyk, Miroslaw"]
[Result "1/2-1/2"]
[WhiteElo "2485"]
[BlackElo "2480"]

1.e4 e5 2.Nf3 Nc6 3.Bb5 a6 4.Ba4 Nf6 5.O-O Be7 6.Re1 b5 7.Bb3 d6 8.c3 O-O
9.h3 Bb7 10.d4 Re8 11.Ng5 Rf8 12.Nf3 Re8 13.Nbd2 Bf8 14.Bc2 h6 15.d5 Nb8
16.b3 Nbd7 17.c4 c6 18.Nf1 Qc7 19.Ng3 Rec8 20.Bd3 Nc5 21.Bf1 bxc4 22.bxc4 a5
23.Nh2 g6 24.Ng4 Nxg4 25.Qxg4 Bg7 26.Qh4 Kh7 27.Bg5 Ba6 28.Rad1 Rab8 29.Re3 cxd5
30.cxd5 Bxf1 31.Nxf1 Rb4 32.Rc1 f5 33.Bf6 Rxe4 34.Rxe4 fxe4 35.Nd2 Qd7 36.Rc4 Rf8
37.Nxe4 Nxe4 38.Bxg7 Kxg7 39.Qxe4 Rf4 40.Qc2 Rxc4 41.Qxc4 Kf6 42.Qh4+ Kg7
43.Qc4 Kf6 44.Qh4+  1/2-1/2

[Event "SWZ-chT9697"]
[Site "SWZ"]
[Date "1997.??.??"]
[Round "?"]
[White "Fejzullahu, Afrim"]
[Black "Almada, Enrique"]
[Result "1/2-1/2"]
[WhiteElo "2290"]
[BlackElo "2305"]

1.e4 e5 2.Nf3 Nc6 3.Bb5 a6 4.Ba4 Nf6 5.O-O Be7 6.Re1 b5 7.Bb3 d6 8.c3 O-O
9.h3 Bb7 10.d4 Re8 11.Ng5 Rf8 12.Nf3 Re8 13.Nbd2 Bf8 14.d5 Nb8 15.Nf1 c6
16.dxc6 Bxc6 17.Ng3 h6 18.Nh4 d5 19.exd5 Bxd5 20.Nhf5 Nc6 21.Bc2 Rc8 22.Nh5 Nxh5
23.Qxh5 e4 24.Rd1 Re5 25.Qg4 g5 26.Ne3 Ne7 27.Bb3 Rc5 28.Nxd5 Nxd5 29.Be3 Nxe3
30.fxe3 Qf6 31.Rd7 Be7 32.Rad1 Kg7 33.Kh2 Rf5 34.Kg1 Rce5 35.Qe2 a5 36.a3 a4
37.Ba2 Qb6 38.Kh1 Rf6 39.R7d5 Rxd5 40.Bxd5 Bc5 41.Rf1 Bxe3 42.Rxf6 Kxf6 43.Qh5 Ke5
44.Qxf7 Qf6 45.Qxf6+ Kxf6 46.Bxe4 Bc1 47.Bd3 Bxb2 48.Bxb5 Bxa3 49.Bxa4 Bb2
50.c4 Bd4 51.Kh2 h5 52.Kg3 h4+ 53.Kf3 Ke5 54.Kg4 Be3  1/2-1/2

[Event "EU-ch U18"]
[Site "Tallinn"]
[Date "1997.??.??"]
[Round "3"]
[White "Smetankin, Stanislav"]
[Black "Lopez Moll, Jose Manuel"]
[Result "1/2-1/2"]
[WhiteElo "2395"]
[BlackElo "2155"]

1.e4 e5 2.Nf3 Nc6 3.Bb5 a6 4.Ba4 Nf6 5.O-O Be7 6.Re1 b5 7.Bb3 d6 8.c3 O-O
9.h3 Bb7 10.d4 Re8 11.Nbd2 Bf8 12.Bc2 h6 13.a3 g6 14.b4 Bg7 15.d5 Ne7 16.Nb3 c6
17.Na5 Qc7 18.Nxb7 Qxb7 19.dxc6 Qxc6 20.Bb2 Rad8 21.Qe2 Nc8 22.a4 d5 23.axb5 axb5
24.Nd2 Nd6 25.exd5 Nxd5 26.Qf3 Nxb4 27.Bxg6 fxg6 28.cxb4 Qc2 29.Qb3+ Qxb3
30.Nxb3 Nc4 31.Bc3 Rd3 32.Rac1 Bf8 33.Nc5 Bxc5 34.bxc5 Rd5 35.Red1 Rxc5 36.Bb4 Rc7
37.Rd5 Rb7 38.Ra1 e4 39.Ra6 Kf7 40.Bc5 Re6 41.Ra8 Re8 42.Ra6 Ne5 43.Ra5  1/2-1/2

[Event "EU-ch U18"]
[Site "Tallinn"]
[Date "1997.??.??"]
[Round "6"]
[White "Nurkiewicz, Maciej"]
[Black "Lopez Moll, Jose Manuel"]
[Result "0-1"]
[WhiteElo "2355"]
[BlackElo "2155"]

1.e4 e5 2.Nf3 Nc6 3.Bb5 a6 4.Ba4 Nf6 5.O-O Be7 6.Re1 b5 7.Bb3 d6 8.c3 O-O
9.h3 Bb7 10.d4 Re8 11.Nbd2 Bf8 12.Bc2 h6 13.d5 Ne7 14.b3 c6 15.c4 Qd7 16.Bd3 Ng6
17.a4 Nh7 18.Nf1 Be7 19.Qe2 bxc4 20.bxc4 Bg5 21.Nxg5 hxg5 22.Rb1 Nf4 23.Bxf4 gxf4
24.Rb6 f5 25.Reb1 Ra7 26.Qb2 Ba8 27.Rb8 Nf6 28.Qb6 fxe4 29.Bxe4 cxd5 30.Bf5 Qc7
31.Bg6 Rf8 32.Qxc7 Rxc7 33.Rxf8+ Kxf8 34.Rb8+ Ke7 35.Rxa8 dxc4 36.Rxa6 c3
37.Bc2 Nd5 38.Ra8 Nb4 39.Bb1 c2 40.Bxc2 Rxc2 41.a5 Ra2 42.Rb8 Nd5 43.Rb7+ Kf6
44.Rd7 e4 45.Rxd6+ Ke5 46.Rg6 Ra1 47.g3 e3 48.fxe3 fxe3 49.Kg2 e2 50.Nd2 Kf5  0-1

[Event "EU-ch U18"]
[Site "Tallinn"]
[Date "1997.??.??"]
[Round "9"]
[White "Lopez Moll, Jose Manuel"]
[Black "Dervishi, Erald"]
[Result "0-1"]
[WhiteElo "2155"]
[BlackElo "2395"]

1.e4 e5 2.Nf3 Nc6 3.Bb5 a6 4.Ba4 Nf6 5.O-O Be7 6.Re1 b5 7.Bb3 d6 8.c3 O-O
9.h3 Bb7 10.d4 Re8 11.Nbd2 Bf8 12.d5 Nb8 13.Nf1 Nbd7 14.N3h2 Nc5 15.Bc2 c6
16.dxc6 Bxc6 17.Bg5 h6 18.Bxf6 Qxf6 19.Ng4 Qd8 20.Ng3 Qc7 21.Qf3 Qb7 22.Nf5 Kh8
23.Rad1 Rad8 24.b4 Ne6 25.Qg3 Ng5 26.Qh4 Nh7 27.Bb3 Rd7 28.Bd5 Bxd5 29.Rxd5 Qc6
30.Re3 Re6 31.Red3 Qc4 32.Nge3 Qxa2 33.Kh2 Nf6 34.Ng4 Nxd5 35.exd5 Rg6 36.Rg3 Qc4
37.Nfe3 Qf4 38.Kg1 Be7 39.Qh5 Rg5  0-1